000 00416nam a22001697a 4500
005 20160523110950.0
008 160523b xxu||||| |||| 00| 0 eng d
020 _a81-203-2304-1
041 _aeng
082 _b4181
100 _aMoutammed/Adil H
_91035
245 _aIntroductory Mathematical Economics
260 _aNew Delhi
_bAcademic Faundation
300 _a241
650 _aManagement
_9241
942 _cBK
999 _c1408
_d1408